000 00782cam a2200265 a 4500
001 147348
003 OSt
005 20180921
008 0000001982 dr 0000000000 00
100 _aMessina, Milton
245 _aNacionalismo y desarrollo /
_cNacionalismo y desarrollo /
260 _aSanto Domingo :
_b[s. n.]
300 _a157 p.
650 _aDESARROLLO ECONOMICO
_aNACIONALISMO
040 _aDLC
_cDLC
942 _2ddc
_cBK
999 _c147348
_d14734800